Statistics for Draw 10 Missing Borders on the World Map

Click here to take the quiz!

General Stats

  • This quiz has been taken 891 times
  • The average score is 309 of 317

Answers on the Map

Answers color-coded by a green-red scale on the quiz's map according to % correct below.
 

Answer Stats

LABBordering Countries% Correct
76AfghanistanChinaAfghanistan-China
99%
936AfghanistanIranAfghanistan-Iran
99%
2430AfghanistanPakistanAfghanistan-Pakistan
99%
1206AfghanistanTajikistanAfghanistan-Tajikistan
99%
744AfghanistanTurkmenistanAfghanistan-Turkmenistan
99%
137AfghanistanUzbekistanAfghanistan-Uzbekistan
99%
282AlbaniaGreeceAlbania-Greece
99%
112AlbaniaKosovoAlbania-Kosovo
99%
151AlbaniaMacedoniaAlbania-Macedonia
99%
172AlbaniaMontenegroAlbania-Montenegro
99%
982AlgeriaLibyaAlgeria-Libya
99%
1376AlgeriaMaliAlgeria-Mali
99%
463AlgeriaMauritaniaAlgeria-Mauritania
99%
1601AlgeriaMoroccoAlgeria-Morocco
99%
956AlgeriaNigerAlgeria-Niger
99%
965AlgeriaTunisiaAlgeria-Tunisia
99%
56.6AndorraFranceAndorra-France
99%
63.7AndorraSpainAndorra-Spain
99%
2511AngolaDemocratic Republic of the CongoAngola-Democratic Republic of the Congo
99%
201AngolaRepublic of the CongoAngola-Republic of the Congo
99%
1110AngolaZambiaAngola-Zambia
99%
832ArgentinaBoliviaArgentina-Bolivia
99%
1224ArgentinaBrazilArgentina-Brazil
99%
5300ArgentinaChileArgentina-Chile
99%
1880ArgentinaParaguayArgentina-Paraguay
99%
579ArgentinaUruguayArgentina-Uruguay
99%
787ArmeniaAzerbaijanArmenia-Azerbaijan
99%
164ArmeniaGeorgiaArmenia-Georgia
99%
35ArmeniaIranArmenia-Iran
99%
268ArmeniaTurkeyArmenia-Turkey
99%
362AustriaCzech RepublicAustria-Czech Republic
99%
784AustriaGermanyAustria-Germany
99%
366AustriaHungaryAustria-Hungary
99%
430AustriaItalyAustria-Italy
99%
35AustriaLiechtensteinAustria-Liechtenstein
99%
91AustriaSlovakiaAustria-Slovakia
99%
330AustriaSloveniaAustria-Slovenia
99%
164AustriaSwitzerlandAustria-Switzerland
99%
322AzerbaijanGeorgiaAzerbaijan-Georgia
99%
432AzerbaijanIranAzerbaijan-Iran
99%
284AzerbaijanRussiaAzerbaijan-Russia
99%
9AzerbaijanTurkeyAzerbaijan-Turkey
99%
4053BangladeshIndiaBangladesh-India
99%
193BangladeshMyanmarBangladesh-Myanmar
99%
141BelarusLatviaBelarus-Latvia
99%
502BelarusLithuaniaBelarus-Lithuania
99%
407BelarusPolandBelarus-Poland
99%
959BelarusRussiaBelarus-Russia
99%
891BelarusUkraineBelarus-Ukraine
99%
620BelgiumFranceBelgium-France
99%
167BelgiumGermanyBelgium-Germany
99%
148BelgiumLuxembourgBelgium-Luxembourg
99%
450BelgiumNetherlandsBelgium-Netherlands
99%
266BelizeGuatemalaBelize-Guatemala
99%
250BelizeMexicoBelize-Mexico
99%
306BeninBurkina FasoBenin-Burkina Faso
99%
266BeninNigerBenin-Niger
99%
773BeninNigeriaBenin-Nigeria
99%
644BeninTogoBenin-Togo
99%
470BhutanChinaBhutan-China
99%
605BhutanIndiaBhutan-India
99%
3400BoliviaBrazilBolivia-Brazil
99%
861BoliviaChileBolivia-Chile
99%
750BoliviaParaguayBolivia-Paraguay
99%
900BoliviaPeruBolivia-Peru
99%
225Bosnia and HerzegovinaMontenegroBosnia and Herzegovina-Montenegro
99%
302Bosnia and HerzegovinaSerbiaBosnia and Herzegovina-Serbia
99%
1360BotswanaNamibiaBotswana-Namibia
99%
1840BotswanaSouth AfricaBotswana-South Africa
99%
0.15BotswanaZambiaBotswana-Zambia
99%
813BotswanaZimbabweBotswana-Zimbabwe
99%
1643BrazilColombiaBrazil-Colombia
99%
673BrazilFranceBrazil-France
99%
1119BrazilGuyanaBrazil-Guyana
99%
1290BrazilParaguayBrazil-Paraguay
99%
1560BrazilPeruBrazil-Peru
99%
597BrazilSurinameBrazil-Suriname
99%
985BrazilUruguayBrazil-Uruguay
99%
2200BrazilVenezuelaBrazil-Venezuela
99%
381BruneiMalaysiaBrunei-Malaysia
99%
494BulgariaGreeceBulgaria-Greece
99%
148BulgariaMacedoniaBulgaria-Macedonia
99%
608BulgariaRomaniaBulgaria-Romania
99%
318BulgariaSerbiaBulgaria-Serbia
99%
240BulgariaTurkeyBulgaria-Turkey
99%
549Burkina FasoGhanaBurkina Faso-Ghana
99%
1000Burkina FasoMaliBurkina Faso-Mali
99%
628Burkina FasoNigerBurkina Faso-Niger
99%
126Burkina FasoTogoBurkina Faso-Togo
99%
233BurundiDemocratic Republic of the CongoBurundi-Democratic Republic of the Congo
99%
290BurundiRwandaBurundi-Rwanda
99%
451BurundiTanzaniaBurundi-Tanzania
99%
541CambodiaLaosCambodia-Laos
99%
803CambodiaThailandCambodia-Thailand
99%
1228CambodiaVietnamCambodia-Vietnam
99%
797CameroonCentral African RepublicCameroon-Central African Republic
99%
1094CameroonChadCameroon-Chad
99%
189CameroonEquatorial GuineaCameroon-Equatorial Guinea
99%
298CameroonGabonCameroon-Gabon
99%
523CameroonRepublic of the CongoCameroon-Republic of the Congo
99%
8893CanadaUnited StatesCanada-United States
99%
1197Central African RepublicChadCentral African Republic-Chad
99%
1577Central African RepublicDemocratic Republic of the CongoCentral African Republic-Democratic Republic of the Congo
99%
467Central African RepublicRepublic of the CongoCentral African Republic-Republic of the Congo
99%
682Central African RepublicSouth SudanCentral African Republic-South Sudan
99%
483Central African RepublicSudanCentral African Republic-Sudan
99%
1055ChadLibyaChad-Libya
99%
1175ChadNigerChad-Niger
99%
87ChadNigeriaChad-Nigeria
99%
1360ChadSudanChad-Sudan
99%
160ChilePeruChile-Peru
99%
3380ChinaIndiaChina-India
99%
1533ChinaKazakhstanChina-Kazakhstan
99%
858ChinaKyrgyzstanChina-Kyrgyzstan
99%
423ChinaLaosChina-Laos
99%
4677ChinaMongoliaChina-Mongolia
99%
2185ChinaMyanmarChina-Myanmar
99%
1236ChinaNepalChina-Nepal
99%
1416ChinaNorth KoreaChina-North Korea
99%
523ChinaPakistanChina-Pakistan
99%
3645ChinaRussiaChina-Russia
99%
414ChinaTajikistanChina-Tajikistan
99%
1281ChinaVietnamChina-Vietnam
99%
590ColombiaEcuadorColombia-Ecuador
99%
225ColombiaPanamaColombia-Panama
99%
1496ColombiaPeruColombia-Peru
99%
2050ColombiaVenezuelaColombia-Venezuela
99%
309Costa RicaNicaraguaCosta Rica-Nicaragua
99%
330Costa RicaPanamaCosta Rica-Panama
99%
668Cote d'IvoireGhanaCote d'Ivoire-Ghana
99%
610Cote d'IvoireGuineaCote d'Ivoire-Guinea
99%
716Cote d'IvoireLiberiaCote d'Ivoire-Liberia
99%
532Cote d'IvoireMaliCote d'Ivoire-Mali
99%
329CroatiaHungaryCroatia-Hungary
99%
25CroatiaMontenegroCroatia-Montenegro
99%
241CroatiaSerbiaCroatia-Serbia
99%
670CroatiaSloveniaCroatia-Slovenia
99%
815Czech RepublicGermanyCzech Republic-Germany
99%
658Czech RepublicPolandCzech Republic-Poland
99%
215Czech RepublicSlovakiaCzech Republic-Slovakia
99%
2410Democratic Republic of the CongoRepublic of the CongoDemocratic Republic of the Congo-Republic of the Congo
99%
217Democratic Republic of the CongoRwandaDemocratic Republic of the Congo-Rwanda
99%
628Democratic Republic of the CongoSouth SudanDemocratic Republic of the Congo-South Sudan
99%
459Democratic Republic of the CongoTanzaniaDemocratic Republic of the Congo-Tanzania
99%
765Democratic Republic of the CongoUgandaDemocratic Republic of the Congo-Uganda
99%
1930Democratic Republic of the CongoZambiaDemocratic Republic of the Congo-Zambia
99%
68DenmarkGermanyDenmark-Germany
99%
109DjiboutiEritreaDjibouti-Eritrea
99%
349DjiboutiEthiopiaDjibouti-Ethiopia
99%
58DjiboutiSomaliaDjibouti-Somalia
99%
360Dominican RepublicHaitiDominican Republic-Haiti
99%
228East TimorIndonesiaEast Timor-Indonesia
99%
1420EcuadorPeruEcuador-Peru
99%
277EgyptIsraelEgypt-Israel
99%
1115EgyptLibyaEgypt-Libya
99%
1273EgyptSudanEgypt-Sudan
99%
203El SalvadorGuatemalaEl Salvador-Guatemala
99%
342El SalvadorHondurasEl Salvador-Honduras
99%
350Equatorial GuineaGabonEquatorial Guinea-Gabon
99%
605EritreaSudanEritrea-Sudan
99%
339EstoniaLatviaEstonia-Latvia
99%
294EstoniaRussiaEstonia-Russia
99%
861EthiopiaKenyaEthiopia-Kenya
99%
1600EthiopiaSomaliaEthiopia-Somalia
99%
883EthiopiaSouth SudanEthiopia-South Sudan
99%
723EthiopiaSudanEthiopia-Sudan
99%
736FinlandNorwayFinland-Norway
99%
1340FinlandRussiaFinland-Russia
99%
614FinlandSwedenFinland-Sweden
99%
451FranceGermanyFrance-Germany
99%
488FranceItalyFrance-Italy
99%
73FranceLuxembourgFrance-Luxembourg
99%
4.4FranceMonacoFrance-Monaco
99%
10.2FranceNetherlandsFrance-Netherlands
99%
623FranceSpainFrance-Spain
99%
510FranceSurinameFrance-Suriname
99%
573FranceSwitzerlandFrance-Switzerland
99%
1903GabonRepublic of the CongoGabon-Republic of the Congo
99%
740GambiaSenegalGambia-Senegal
99%
252GeorgiaTurkeyGeorgia-Turkey
99%
138GermanyLuxembourgGermany-Luxembourg
99%
456GermanyPolandGermany-Poland
99%
334GermanySwitzerlandGermany-Switzerland
99%
246GreeceMacedoniaGreece-Macedonia
99%
206GreeceTurkeyGreece-Turkey
99%
256GuatemalaHondurasGuatemala-Honduras
99%
962GuatemalaMexicoGuatemala-Mexico
99%
338Guinea-BissauSenegalGuinea-Bissau-Senegal
99%
386GuineaGuinea-BissauGuinea-Guinea-Bissau
99%
563GuineaLiberiaGuinea-Liberia
99%
858GuineaMaliGuinea-Mali
99%
330GuineaSenegalGuinea-Senegal
99%
652GuineaSierra LeoneGuinea-Sierra Leone
99%
600GuyanaSurinameGuyana-Suriname
99%
743GuyanaVenezuelaGuyana-Venezuela
99%
922HondurasNicaraguaHonduras-Nicaragua
99%
443HungaryRomaniaHungary-Romania
99%
151HungarySerbiaHungary-Serbia
99%
677HungarySlovakiaHungary-Slovakia
99%
102HungarySloveniaHungary-Slovenia
99%
103HungaryUkraineHungary-Ukraine
99%
1463IndiaMyanmarIndia-Myanmar
99%
1690IndiaNepalIndia-Nepal
99%
2912IndiaPakistanIndia-Pakistan
99%
1782IndonesiaMalaysiaIndonesia-Malaysia
99%
820IndonesiaPapua New GuineaIndonesia-Papua New Guinea
99%
1458IranIraqIran-Iraq
99%
909IranPakistanIran-Pakistan
99%
499IranTurkeyIran-Turkey
99%
992IranTurkmenistanIran-Turkmenistan
99%
181IraqJordanIraq-Jordan
99%
240IraqKuwaitIraq-Kuwait
99%
814IraqSaudi ArabiaIraq-Saudi Arabia
99%
605IraqSyriaIraq-Syria
99%
352IraqTurkeyIraq-Turkey
99%
360IrelandUnited KingdomIreland-United Kingdom
99%
335IsraelJordanIsrael-Jordan
99%
79IsraelLebanonIsrael-Lebanon
99%
76IsraelSyriaIsrael-Syria
99%
39ItalySan MarinoItaly-San Marino
99%
232ItalySloveniaItaly-Slovenia
99%
740ItalySwitzerlandItaly-Switzerland
99%
3.2ItalyVatican CityItaly-Vatican City
99%
744JordanSaudi ArabiaJordan-Saudi Arabia
99%
375JordanSyriaJordan-Syria
99%
1051KazakhstanKyrgyzstanKazakhstan-Kyrgyzstan
99%
6846KazakhstanRussiaKazakhstan-Russia
99%
379KazakhstanTurkmenistanKazakhstan-Turkmenistan
99%
2203KazakhstanUzbekistanKazakhstan-Uzbekistan
99%
682KenyaSomaliaKenya-Somalia
99%
232KenyaSouth SudanKenya-South Sudan
99%
769KenyaTanzaniaKenya-Tanzania
99%
933KenyaUgandaKenya-Uganda
99%
159KosovoMacedoniaKosovo-Macedonia
99%
79KosovoMontenegroKosovo-Montenegro
99%
352KosovoSerbiaKosovo-Serbia
99%
222KuwaitSaudi ArabiaKuwait-Saudi Arabia
99%
870KyrgyzstanTajikistanKyrgyzstan-Tajikistan
99%
1099KyrgyzstanUzbekistanKyrgyzstan-Uzbekistan
99%
235LaosMyanmarLaos-Myanmar
99%
1754LaosThailandLaos-Thailand
99%
2130LaosVietnamLaos-Vietnam
99%
453LatviaLithuaniaLatvia-Lithuania
99%
217LatviaRussiaLatvia-Russia
99%
375LebanonSyriaLebanon-Syria
99%
909LesothoSouth AfricaLesotho-South Africa
99%
306LiberiaSierra LeoneLiberia-Sierra Leone
99%
354LibyaNigerLibya-Niger
99%
383LibyaSudanLibya-Sudan
99%
459LibyaTunisiaLibya-Tunisia
99%
41LiechtensteinSwitzerlandLiechtenstein-Switzerland
99%
91LithuaniaPolandLithuania-Poland
99%
227LithuaniaRussiaLithuania-Russia
99%
62MacedoniaSerbiaMacedonia-Serbia
99%
1569MalawiMozambiqueMalawi-Mozambique
99%
475MalawiTanzaniaMalawi-Tanzania
99%
837MalawiZambiaMalawi-Zambia
99%
506MalaysiaThailandMalaysia-Thailand
99%
2237MaliMauritaniaMali-Mauritania
99%
821MaliNigerMali-Niger
99%
419MaliSenegalMali-Senegal
99%
1561MauritaniaMoroccoMauritania-Morocco
99%
813MauritaniaSenegalMauritania-Senegal
99%
3141MexicoUnited StatesMexico-United States
99%
450MoldovaRomaniaMoldova-Romania
99%
939MoldovaUkraineMoldova-Ukraine
99%
3485MongoliaRussiaMongolia-Russia
99%
124MontenegroSerbiaMontenegro-Serbia
99%
17MoroccoSpainMorocco-Spain
99%
491MozambiqueSouth AfricaMozambique-South Africa
99%
105MozambiqueSwazilandMozambique-Swaziland
99%
756MozambiqueTanzaniaMozambique-Tanzania
99%
419MozambiqueZambiaMozambique-Zambia
99%
1231MozambiqueZimbabweMozambique-Zimbabwe
99%
1800MyanmarThailandMyanmar-Thailand
99%
967NamibiaSouth AfricaNamibia-South Africa
99%
233NamibiaZambiaNamibia-Zambia
99%
1497NigerNigeriaNiger-Nigeria
99%
19North KoreaRussiaNorth Korea-Russia
99%
238North KoreaSouth KoreaNorth Korea-South Korea
99%
196NorwayRussiaNorway-Russia
99%
410OmanUnited Arab EmiratesOman-United Arab Emirates
99%
288OmanYemenOman-Yemen
99%
206PolandRussiaPoland-Russia
99%
444PolandSlovakiaPoland-Slovakia
99%
526PolandUkrainePoland-Ukraine
99%
1214PortugalSpainPortugal-Spain
99%
60QatarSaudi ArabiaQatar-Saudi Arabia
99%
476RomaniaSerbiaRomania-Serbia
99%
531RomaniaUkraineRomania-Ukraine
99%
1576RussiaUkraineRussia-Ukraine
99%
217RwandaTanzaniaRwanda-Tanzania
99%
169RwandaUgandaRwanda-Uganda
99%
457Saudi ArabiaUnited Arab EmiratesSaudi Arabia-United Arab Emirates
99%
1458Saudi ArabiaYemenSaudi Arabia-Yemen
99%
97SlovakiaUkraineSlovakia-Ukraine
99%
430South AfricaSwazilandSouth Africa-Swaziland
99%
225South AfricaZimbabweSouth Africa-Zimbabwe
99%
1937South SudanSudanSouth Sudan-Sudan
99%
435South SudanUgandaSouth Sudan-Uganda
99%
1.2SpainUnited KingdomSpain-United Kingdom
99%
822SyriaTurkeySyria-Turkey
99%
1161TajikistanUzbekistanTajikistan-Uzbekistan
99%
396TanzaniaUgandaTanzania-Uganda
99%
338TanzaniaZambiaTanzania-Zambia
99%
1621TurkmenistanUzbekistanTurkmenistan-Uzbekistan
99%
797ZambiaZimbabweZambia-Zimbabwe
99%
1619NorwaySwedenNorway-Sweden
62%
1376AngolaNamibiaAngola-Namibia
59%
1690CameroonNigeriaCameroon-Nigeria
51%
676OmanSaudi ArabiaOman-Saudi Arabia
51%
912EritreaEthiopiaEritrea-Ethiopia
49%
932Bosnia and HerzegovinaCroatiaBosnia and Herzegovina-Croatia
47%
577GermanyNetherlandsGermany-Netherlands
46%
584Burkina FasoCote d'IvoireBurkina Faso-Cote d'Ivoire
45%
723GeorgiaRussiaGeorgia-Russia
34%
877GhanaTogoGhana-Togo
27%

Score Distribution

Percentile by Number Answered

Percent of People with Each Score

Your Score History

You have not taken this quiz